000 00564nam a22001937a 4500
005 20180731161835.0
010 _aB-317340
020 _a9780071231510
035 _aB-317340
037 _bMcGraw-Hill Higher Education
082 _a005
100 _aRamakrishnan, Raghu
245 _aDatabase managment system
_cRaghu Ramakrishnan [and] Johannes Gehrke
260 _aNew Delhi
_bMcGraw-Hill Higher Education
_c2003
300 _a1065p.
_c23cm.(pbk)
700 _aGehrke, Johannes
942 _2ddc
_cEN
_h005
_mRAG
999 _c155213
_d155213